000 00499pab a2200181 454500
008 180718b2012 xxu||||| |||| 00| 0 eng d
100 _aKearney, Melissa
245 _aWhy is the teen birth rate in the United States so high and why does it matter?
260 _c2012
300 _ap.141-166.
362 _aSpring
650 _aBirth rate-United States
650 _aBirth rate
700 _aLevine, Phillip B.
773 _aJournal of Economic Perspectives
908 _aN
909 _a96682
999 _c96682
_d96682